000 00549nam a2200169 i 4500
001 31112
003 ES-MaACL
005 20230906154319.0
007 t|
008 030128s1901 sp ||||1| spa d
100 1 _aBemmelen, P. van.
_927397
245 1 0 _aNociones fundamentales del Derecho Civil /
_cpor P. van Bemmelen ; traducción de José María Navarro de Palencia.
260 _aMadrid :
_b[s.n.,
_c1901] (
_fJ. M. Sardá)
300 _a274 p. ;
_c23 cm.
700 1 _aNavarro de Palencia, José María.
_985117
852 _aES-MaACL
_jF-14598
999 _c31112
_d31112